| 000 | 00535nam a2200205Ia 4500 | ||
|---|---|---|---|
| 003 | OSt | ||
| 005 | 20230507203218.0 | ||
| 008 | 210423s1999 xx 000 0 und d | ||
| 040 | _cAL | ||
| 041 | _aeng | ||
| 082 |
_a305.562 _223 _bJHAU |
||
| 100 |
_aJHABVALA (Renana);SUBRAMANYA (R K A),Ed _999573 |
||
| 245 | _aUnorganised sector | ||
| 260 |
_aNew Delhi _bSage Publications _c1999 |
||
| 365 |
_b195 _cINR |
||
| 650 |
_aSocial Classes _999574 |
||
| 650 |
_aSociology _999575 |
||
| 906 | _asector ; Unorganised | ||
| 942 |
_2ddc _cBK |
||
| 999 |
_c171439 _d171439 |
||